English Heritage research transactions : research and case studies in architectural conservation. Volume 4 : Timber : the EC Woodcare project : studies of the behaviour, interrelationships and management of deathwatch beetles in historic buildings. (Record no. 99441)

MARC details
000 -LEADER
fixed length control field 01508cam a2200361 4500
008 - FIXED-LENGTH DATA ELEMENTS--GENERAL INFORMATION
fixed length control field 090401t2001 xxu||||| |||| 00| 0 eng d
020 ## - INTERNATIONAL STANDARD BOOK NUMBER
International Standard Book Number 1902916034
022 ## - INTERNATIONAL STANDARD SERIAL NUMBER
International Standard Serial Number 14618613
035 ## - SYSTEM CONTROL NUMBER
System control number (Sirsi) u99682
041 ## - LANGUAGE CODE
Language code of text/sound track or separate title eng
100 ## - MAIN ENTRY--PERSONAL NAME
Personal name Ridout, B.
245 ## - TITLE STATEMENT
Title English Heritage research transactions : research and case studies in architectural conservation. Volume 4 : Timber : the EC Woodcare project : studies of the behaviour, interrelationships and management of deathwatch beetles in historic buildings.
260 ## - PUBLICATION, DISTRIBUTION, ETC.
Place of publication, distribution, etc. London
Name of publisher, distributor, etc. James & James
Date of publication, distribution, etc. 2001
300 ## - PHYSICAL DESCRIPTION
Extent xiii,114p.
Other physical details ill.
Dimensions 30cm.
350 ## - PRICE (NR) (BK AM CF MU VM SE) [OBSOLETE]
Price 30.00
490 ## - SERIES STATEMENT
Series statement English Heritage Research Transactions
Volume/sequential designation 4
520 ## - SUMMARY, ETC.
Summary, etc. Proceedings of the 'Woodcare' conference, held in London on 23 and 24 September 1998, which investigated decay in structural oak timber in historic buildings due to fungus and the deathwatch beetle. Eight of papers included report on the European Commission's woodcare project whilst the remaining three complement and reinforce the project's aims and findings.
650 ## - SUBJECT ADDED ENTRY--TOPICAL TERM
Topical term or geographic name entry element BEETLES
650 ## - SUBJECT ADDED ENTRY--TOPICAL TERM
Topical term or geographic name entry element DEATHWATCH BEETLE
650 ## - SUBJECT ADDED ENTRY--TOPICAL TERM
Topical term or geographic name entry element DECAY
650 ## - SUBJECT ADDED ENTRY--TOPICAL TERM
Topical term or geographic name entry element FUNGI
650 ## - SUBJECT ADDED ENTRY--TOPICAL TERM
Topical term or geographic name entry element HISTORIC BUILDINGS
650 ## - SUBJECT ADDED ENTRY--TOPICAL TERM
Topical term or geographic name entry element INFESTATION
650 ## - SUBJECT ADDED ENTRY--TOPICAL TERM
Topical term or geographic name entry element OAK
650 ## - SUBJECT ADDED ENTRY--TOPICAL TERM
Topical term or geographic name entry element PESTS
650 ## - SUBJECT ADDED ENTRY--TOPICAL TERM
Topical term or geographic name entry element ROT
650 ## - SUBJECT ADDED ENTRY--TOPICAL TERM
Topical term or geographic name entry element STRUCTURAL TIMBER
650 ## - SUBJECT ADDED ENTRY--TOPICAL TERM
Topical term or geographic name entry element TIMBER
690 ## - LOCAL SUBJECT ADDED ENTRY--TOPICAL TERM (OCLC, RLIN)
Topical term or geographic name as entry element BUILT ENVIRONMENT-BUILDING MAINTENANCE AND REFURBISHMENT-BUILDING CONSERVATION
710 ## - ADDED ENTRY--CORPORATE NAME
Corporate name or jurisdiction name as entry element English Heritage
9 (RLIN) 2714
942 ## - ADDED ENTRY ELEMENTS (KOHA)
Suppress in OPAC 0
948 ## - LOCAL PROCESSING INFORMATION (OCLC); SERIES PART DESIGNATOR (RLIN)
c (OCLC) 02/02/1999
Holdings
Withdrawn status Lost status Source of classification or shelving scheme Damaged status Not for loan Home library Current library Shelving location Date acquired Total Checkouts Full call number Barcode Date last seen Copy number Price effective from Koha item type
    Other/Generic Classification Scheme     London London Folio 06/12/2001   F690.241 RID 30065140 06/08/2019 1 06/08/2019 Book